| 000 | 00411nam a22001697a 4500 | ||
|---|---|---|---|
| 003 | MPLRDC | ||
| 005 | 20220104144125.0 | ||
| 008 | 210129b ||||| |||| 00| 0 eng d | ||
| 082 | _a854.6 CY-5 c.5 | ||
| 100 | _a曹禺 | ||
| 245 |
_a原野 _c |
||
| 260 |
_a _b世界书局有限公司 _c1966 |
||
| 300 | _b平 | ||
| 490 | _a中国文学丛书 | ||
| 650 | _a剧本--话剧剧本 | ||
| 942 |
_cBK _o854.6 CY-5 c.5 |
||
| 999 |
_c46585 _d46575 |
||